000 00773cam a2200217 a 4500
005 20250329173333.0
008 210504s2023 ck a gr 000 jdspa
020 _a978-958-30-6673-3
040 _aCO-ctgCURN
_bspa
_ccoctgcurn
082 0 4 _a863.7
_bL925
100 1 _aLozano, Pilar,
_d1951.
245 1 0 _aHistorias de un país invisible /
_cPilar Lozano; ilustraciones de Daniel Rabanal.
260 _aBogotá :
_bPanamericana,
_c2023.
300 _a48 páginas. :
_bil. col. ;
_c23 cm.
650 1 4 _aCuentos colombianos.
650 2 4 _aConflicto armado
_xColombia.
650 2 4 _aNiños
_xAspectos sociales.
700 1 _aRabanal, Daniel,
_dilustrador.
942 _2ddc
_aMSCTG
_h863.7
_iL925
_o863.7 L925
999 _c7735
_d7735